000 00785nam a2200241 c 4500
003 DO-SdBNP
005 20240903134246.0
007 ta
008 240903b1952 cu a|||| |||| 00| 0 spa d
040 _aDO-SdBNP
_bspa
_cBNPHU
_erda
082 4 _222
100 _aPérez Abreu, Gustavo,
_4aut.
_eautor
_986502
245 1 0 _aEn la guerra con Máximo Gómez /
_cGustavo Pérez Abreu ; prólogo, Gaspar Carbonell
264 _aLa Habana, Cuba :
_bEditorial Carbonell,
_c1952
300 _a415 páginas :
_bilustraciones ;
_c20 cm.
336 _atexto
_btxt
_2rdacontent
337 _asin mediación
_bn
_2rdamedia
338 _avolumen
_bnc
_2rdacarrier
590 _aInventariado, 2024/BT
700 1 _aGaspar Carbonell
_eprologista
_4pról.
_986503
910 _aBtavárez
942 _2ddc
_cLBS1
999 _c57610
_d57610